|
|
|
|
| LEADER |
00000nam0a2200000 4500 |
| 001 |
312544 |
| 005 |
20231102002509.0 |
| 035 |
|
|
|a (RuTPU)RU\TPU\book\337913
|
| 090 |
|
|
|a 312544
|
| 100 |
|
|
|a 20151224d1967 km y0rusy50 ca
|
| 101 |
0 |
|
|a rus
|
| 102 |
|
|
|a RU
|
| 105 |
|
|
|a a z 000zy
|
| 200 |
1 |
|
|a Малогабаритные радиоприемники
|f Э. П. Борноволоков
|
| 210 |
|
|
|a Москва
|c Знание
|d 1967
|
| 215 |
|
|
|a 144 с.
|c ил.
|
| 225 |
1 |
|
|a Новое в жизни, науке, технике
|
| 225 |
1 |
|
|a Радиоэлектроника и связь
|
| 606 |
1 |
|
|a Радиоприемники полупроводниковые
|2 stltpush
|3 (RuTPU)RU\TPU\subj\22995
|9 47665
|
| 610 |
1 |
|
|a приемно-усилительные устройства
|
| 610 |
1 |
|
|a супергетеродинные приемники
|
| 610 |
1 |
|
|a радиолюбительство
|
| 610 |
1 |
|
|a радиолюбительские конструкции
|
| 610 |
1 |
|
|a карманные приемники
|
| 610 |
1 |
|
|a самодельные детали
|
| 610 |
1 |
|
|a малогабаритные радиоприемники
|
| 675 |
|
|
|a 621.396.62
|v 4
|
| 700 |
|
1 |
|a Борноволоков
|b Э. П.
|g Эдуард Павлович
|
| 801 |
|
1 |
|a RU
|b 63413507
|c 20151224
|
| 801 |
|
2 |
|a RU
|b 63413507
|c 20160112
|g RCR
|
| 942 |
|
|
|c BK
|